| 000 | 00952 a2200193 4500 | ||
|---|---|---|---|
| 003 | Nust | ||
| 005 | 20220810113713.0 | ||
| 010 | _a 2003040506 | ||
| 020 | _a0131100807 | ||
| 040 | _cNust | ||
| 082 | 0 | 0 | _a621.381,KLE |
| 100 | 1 |
_aKleitz, William. _996710 |
|
| 245 | 1 | 0 |
_aDigital electronics with VHDL / (Include CD) _cWilliam Kleitz. |
| 260 |
_aUpper Saddle River, N.J. : _bPearson/Prentice Hall, _cc2004. |
||
| 300 |
_axxiv, 936 p. : _bill. (some col.) ; _c29 cm. + _e2 CD ROM (4 3/4 in.) |
||
| 505 | _aNumber System and Codes (Page-2), Digital Electronic Signal (Page-28), Basic Logic (Page-58), Programming logic Device (Page-104), Boolean Algebra (Page-144), Exclusive (Page-222), Logic Families and Their Characters (Page-360), Practical Consideration for Digital (Page-458), Shift Registers (Page-592), Interfacing to the analog (Page-678),The80510Microcontroller (Page-776). | ||
| 650 | 0 | _aTelecommunication Engineering. | |
| 942 |
_cREF _2ddc |
||
| 999 |
_c175651 _d175651 |
||